| 000 | 00511nam a2200205Ia 4500 | ||
|---|---|---|---|
| 005 | 20240823013839.0 | ||
| 008 | 240823s9999||||xx |||||||||||||| ||und|| | ||
| 020 | _a0-19-567226-9 | ||
| 041 | _aENGLISH | ||
| 082 | _A621.3028 P4 | ||
| 100 | _aSolymar L | ||
| 245 | 0 | _aElectrical Properties of Materials | |
| 250 | _a7th | ||
| 260 |
_c2004 _b"Oxford University Press,Calcutta" |
||
| 500 | _aYES | ||
| 650 |
_aMaterials _bAeronautical Engineering |
||
| 700 | _a Walsh D | ||
| 942 | _cBK | ||
| 999 |
_c168398 _d168398 |
||